Sports Quiz

Random Sports Quiz

30+ Rebounds in a Single Game Quiz Stats

 Plays Quiz not verified by Sporcle

Support Sporcle.
Go Orange.
Score 0/28 Timer 06:00
0 Plays Today
Team Player % Correct
Philadelphia WarriorsWilt Chamberlain
96.2%
Boston CelticsBill Russell
86.5%
Detroit PistonsDennis Rodman
86.5%
Los Angeles LakersKareem Abdul-Jabbar
82.7%
Minnesota TimberwolvesKevin Love
82.7%
Houston RocketsMoses Malone
68.3%
Minneapolis LakersGeorge Mikan
65.4%
St. Louis HawksBob Pettit
62.5%
Washington BulletsWes Unseld
62.5%
San Diego RocketsElvin Hayes
57.7%
Denver NuggetsDikembe Mutombo
50%
San Francisco WarriorsNate Thurmond
41.3%
Golden State WarriorsGeorge T. Johnson
41.3%
Syracuse NationalsDolph Schayes
39.4%
Team Player % Correct
Houston RocketsCharles Barkley
39.4%
Cincinnati RoyalsJerry Lucas
36.5%
Golden State WarriorsLarry Smith
36.5%
Atlanta HawksKevin Willis
31.7%
Golden State WarriorsRobert Parish
30.8%
Baltimore BulletsWalt Bellamy
27.9%
Chicago BullsCharles Oakley
27.9%
Miami HeatRony Seikaly
20.2%
Rochester RoyalsMaurice Stokes
17.3%
Los Angeles ClippersMichael Cage
15.4%
Philadelphia WarriorsNeil Johnston
13.5%
Milwaukee BucksSwen Nater
11.5%
Chicago BullsTom Boerwinkle
7.7%
Seattle SuperSonicsJim Fox
0%

You're not logged in!

Compare scores with friends on all Sporcle quizzes.
OR
Log In

From the Vault

Is That a Real Band?

by AngrySi

Sometimes people say 'That would make an awesome band name' and then they actually start a band.
Remove Ads.
Support Sporcle.
Get the best of Sporcle when you Go Orange. This ad-free experience offers more features, more stats, and more fun while also helping to support Sporcle. Thank you for becoming a member.

Show Comments

Extras

Top Quizzes Today


Score Distribution

Your Account Isn't Verified!

In order to create a playlist on Sporcle, you need to verify the email address you used during registration. Go to your Sporcle Settings to finish the process.

Report this User

Report this user for behavior that violates our Community Guidelines.

Details: